| 000 | 00598nam a2200217Ia 4500 | ||
|---|---|---|---|
| 003 | IIN | ||
| 005 | 20250519123733.0 | ||
| 008 | 250519s2025 xx a 001 0 eng d | ||
| 020 |
_cRs.1800.00 _a9789382219262 |
||
| 040 |
_aIIN _bEnglish |
||
| 082 |
_a614.44 _bPAR |
||
| 100 | 1 | _aPark,K. | |
| 245 | 1 |
_aPark's Textbook of Preventive and Social Medicine/ _cK. Park |
|
| 250 | _a28th ed | ||
| 260 |
_aJabalpur _bBhanot _c2025 |
||
| 300 |
_a1060 p. _bill. |
||
| 500 | _aIncludes Index | ||
| 650 | 1 | _aCommunity Health Nursing | |
| 650 | 1 |
_aMedicine, Preventive _vStudy and teaching |
|
| 942 | _cBOOK | ||
| 999 |
_c1817 _d1817 |
||